A közösségi média szerepe az élelmiszer-vásárlási döntésekben

Bibliográfiai részletek
Szerző: Hollósvölgyi Anna Léna
További közreműködők: Zarándné Dr. Vámosi Kornélia Erzsébet
Dokumentumtípus: TDK dolgozat
Kulcsszavak:21. század
élelmiszer
élelmiszerfogyasztás
közösségi média
mesterséges intelligencia
vásárlás
Online Access:http://dolgozattar.uni-bge.hu/60427

MARC

LEADER 00000nta a2200000 i 4500
001 dolg60427
005 20260416073657.0
008 260416suuuu hu o 000 hun d
040 |a BGE Dolgozattár Repozitórium  |b hun 
041 |a hu 
100 1 |a Hollósvölgyi Anna Léna 
245 1 2 |a A közösségi média szerepe az élelmiszer-vásárlási döntésekben  |c Hollósvölgyi Anna Léna  |h [elektronikus dokumentum] 
516 |a Students_Scientific_Association_paper 
520 3 |a HOLLÓSVÖLGYI ANNA LÉNA Konzulens: 5. aktív félév Zarándné Dr. Vámosi Kornélia Kereskedelem és Marketing egyetemi docens BGE MÜKK BGE MÜKK A közösségi média szerepe az élelmiszer vásárlási döntésekben Dolgozatomban azt a kérdést vizsgálom, hogy a közösségi média mennyire befolyásolja az élelmiszer-vásárlást napjainkban, továbbá arra is kitérek, hogy az influenszerek mennyire vannak hatással az X és a Z generáció vásárlási szokásaira. Emellett azt is kutattam, hogy a közösségi médiában található reklámok mennyire befolyásolják e két generációt, és ennek köszönhetően mennyire van jelen életükben az impulzív vásárlás. A mesterséges intelligencia szerepének növekedése és a gazdasági életben gyakorolt hatása miatt azt is megpróbáltam kideríteni, hogy az élelmiszerek vásárlásában, a főzés során vagy az ötletelésnél ez mennyire játszik szerepet. Az X és a Z generáció válaszait összehasonlítottam, valamint azt is megnéztem, van-e eltérés a férfi és a női fogyasztók között.A kutatás során kvalitatív és kvantitatív módszereket alkalmaztam. Hat mélyinterjút készítettem, férfiakkal és nőkkel egyaránt. Ebből három interjúalany az X generációba, három pedig a Z generációba tartozik. A kvantitatív kutatás Google Űrlap segítségével történt, amelyet 100 ember töltött ki önkéntesen, amiben X és Z generáció szülöttei is részt vettek. A kérdőívben nyitott és zárt kérdések is szerepeltek.A kutatás során az derült ki, hogy egyik generáció vásárlási szokásait sem befolyásolják nagy mértékben az influenszerek; annak ellenére, hogy több kutató ezt feltételezi, ugyanis egyre több influenszer reklámoz különféle termékeket. Azonban amíg a Z generáció tudott ezzel a témával kapcsolatban influenszereket mondani, addig az X generáció nem ismerte őket. A közösségi médiában található reklámok sem fogták meg a többség figyelmét, viszont a Z generáció néhány TikTokon felelhető ajánlásra jobban reagált.Az X generáció tagjai tudatosabbak az élelmiszer vásárlás során, mivel figyelik az akciókat és az ár-érték arányt is. A Z generáció tagjai között több az impulzív vásárló, akik nem nézik az árat, csak megveszik a terméket, ha az megtetszik nekik. A mesterséges intelligenciával kapcsolatban mind a két generáció gyanakvó, és tudják, hogy utána kell nézni az ott található információknak, ezért ezt csak ötletelésre használják, de nem vásárolnak és nem főznek az ott leírt receptek alapján.A korábban említettek miatt azt javaslom, a reklámstratégia kialakításakor célszerű lenne az influenszerek helyett inkább az árak és akciók kiemelésére fókuszálni. Ezzel mindkét generáció figyelmét fel lehetne hívni. Ezen kívül a Z generáció érdeklődését rövid, látványos videókkal lehet még elnyerni. 
695 |a 21. század 
695 |a élelmiszer 
695 |a élelmiszerfogyasztás 
695 |a közösségi média 
695 |a mesterséges intelligencia 
695 |a vásárlás 
700 1 |a Zarándné Dr. Vámosi Kornélia Erzsébet  |e ths 
856 4 0 |u http://dolgozattar.uni-bge.hu/60427/1/A%20k%C3%B6z%C3%B6ss%C3%A9gi%20m%C3%A9dia%20szerepe%20az%20%C3%A9lelmiszer-v%C3%A1s%C3%A1rl%C3%A1si%20d%C3%B6nt%C3%A9sekben.pdf  |z Dokumentum-elérés 
856 4 0 |u http://dolgozattar.uni-bge.hu/60427/2/Holl%C3%B3sv%C3%B6lgyi%20Anna%20L%C3%A9na_M%C3%9CKK%20rez%C3%BCm%C3%A9.docx  |z Dokumentum-elérés 
856 4 0 |u http://dolgozattar.uni-bge.hu/60427/3/Holl%C3%B3sv%C3%B6lgyi%20Anna%20L%C3%A9na_M%C3%9CKK%20rez%C3%BCm%C3%A9.pdf  |z Dokumentum-elérés 
856 4 0 |u http://dolgozattar.uni-bge.hu/60427/4/08_BGE%20TDK_Szerz%C5%91i%20hozz%C3%A1j%C3%A1rul%C3%A1s%20nyilatkozat%202025.docx  |z Dokumentum-elérés 
856 4 0 |u http://dolgozattar.uni-bge.hu/60427/5/Hollosvolgyi_Anna-Lena_05_Dolgozat_biralati_lap_2025_HU.pdf  |z Dokumentum-elérés 
856 4 0 |u http://dolgozattar.uni-bge.hu/60427/6/Holl%C3%B3sv%C3%B6lgyi%20Anna_M%C3%9CKK_Dolgozat_biralati_lap_2025_HU.pdf  |z Dokumentum-elérés